MDQL
is popping MORE tags! Check the
thread
!
Quizzes
Events
Quiz Creation
Community
Videos
Private Events
Remove Ads
Sign In
Join for FREE
Feedback
Dark Mode
Quiz Categories
Sports
Geography
Music
Movies
Television
Just For Fun
Miscellaneous
History
Literature
Language
Science
Gaming
Entertainment
Religion
Holiday
For Kids
Quiz Lab
Recent
Popular Today
Quiz Kudos Today
Editor Picks
Curator Picks
Quizzes by...
Day
Popularity
Type
Ratings
Length
Year
Community
Subscriptions
Recent Discussions
Orange Saloon
Badges
Playlists
Quests
Create
Leaderboards
Showdown
Live 5
Trivia Bingo
Activity
Puzzle Library
Sporcle Events
Private Events
Virtual Trivia
Globe League
Become a Host
Pub Owners
SporcleCon
Opinionation
Our Games
Videos
Blog
Mobile Apps
Partnerships
Remove Ads and Go Orange
Feedback
Language
Vocabulary
Begins and Ends
Definition
Spanish
French
German
Italian
Chinese
Latin
Translation
Japanese
Language
Vocabulary
Begins and Ends
Definition
Spanish
French
German
Italian
Chinese
Latin
Translation
Japanese
Random Quiz
Search Sporcle
×
Quiz Lab
Quiz Lab
Language
Vocabulary
Type in answers that appear in a list
Type in answers that appear in a list
Classic
Best Score? Go Orange.
Mongolian Kitchen Things Stats
Can you name the Mongolian Kitchen Things?
By
MongolianVocab
4m
24 Questions
4 Plays
4 Plays
4 Plays
Comments
Comments
Give Quiz Kudos
Give Quiz Kudos
-
- Ratings
hide this ad
More Info
Forced Order
Answers have to be entered in order
Answers have to be entered in order
Random Order
Randomize order of answers
Randomize order of answers
Replay
Link that replays current quiz
Next Quiz
Link to next quiz in quiz playlist
You Got
0%
They Got
Avg Score
54%
Avg Friend Score
Upgrade to see
Score Distribution
Jump to the score distribution portion of the page
Score
0/24
Timer
04:00
0
Plays Today
English Word
Mongolian Word
% Correct
Аяга
Cup
100%
Ширээ
Table
100%
Сандал
Chair
100%
Хоол хийх
To Cook
100%
Хөргөгч
Refridgerator
75%
Хуутга
Knife
75%
Сэрээ
Fork
75%
Халбаг
Spoon
75%
Усны сав
Water Container
75%
Зүүх
Stove
50%
Хоолны шүүгээ
Cabinet
50%
Таваг
Bowl
50%
English Word
Mongolian Word
% Correct
Шарах
To Fry
50%
Хэрчэх
To Cut
50%
Холих
To Mix
50%
Угаалтуур
Sink
50%
Чанах
To Boil
50%
Данх
Kettle
25%
Долгионы зүүх
Microwave
25%
Шанага
Ladle
25%
Сав суулга
Utensils
25%
Жигнех
To Bake
25%
Аягалах
To Serve
0%
Хооллох
To Feed
0%
Quiz Playlist
Details
Report
Send in Message
Add To Playlist
More Info:
Enter the English translation of the given Mongolian words. The words in this quiz refer to kitchen implements and verbs.
Classic:
Type in answers that appear in a list
Forced Order:
Answers have to be entered in order
Random Order:
Randomize order of answers
Last Updated: Feb 16, 2017
Quiz Scoreboard
CHALLENGE
Sign Up to Join the Scoreboard
Show All
Scores
Hide
Comments
May contain spoilers
Recently Published
Find the 'City' Movie
by crazypaving
Movies
60s
5x2 Blitz: Bands
by SL_Kpop136
Music
30s
Colored Red Africa Blitz
by spor1
Geography
30s
More to Explore
Quiz From the Vault
Featured Blog Post
14 Easter Pick-up Lines to Find Eggs With
hide this ad
You Might Also Like...
Tags
Vocabulary Quiz
Mongolian
Today's Top Quizzes in Language
Browse Language
hide this ad
Today's Top Quizzes in Vocabulary
Browse Vocabulary
Top Contributed Quizzes in Language
1
1-10 Letter F Words III
2
1-10 Letter G Words III
3
1-10 Letter H Words III
4
1-10 Letter I Words III
5
Greek Alphabet Match
6
Arabic Numerals
7
Ends in ELL Minefield
8
1-10 Letter J Words III
9
1-10 Letter L Words III
10
1-10 Letter M Words III
Explore More
Trending Topics
NBA
Kpop
Marvel
Harry Potter
Disney
Crossword
Anime
Song
The Office
Soccer
NFL
Puzzle
WWE
Pokémon
Country
hide this ad
More By:
MongolianVocab
Quiz
Plays
Rating
Category
Featured
Created
Жинхэнэ Mongolian Things
46
1.50
Language
Mar 8, 2013
Mongolian Fruits and Vegetables
38
Language
Mar 8, 2013
Mongolian Meats, Grains, and Dairy
30
5.00
Language
Mar 8, 2013
Mongolian Drinks and Snacks
21
Language
Mar 8, 2013
Mongolian Body Parts
21
Language
Mar 20, 2013
Go to Creator's Profile
Score Distribution
Quiz Creator Spotlight
MongolianVocab
Follow
Send a Message
Quizzes Created
-
Created Quiz Play Count
-
More By This Creator
Popular Quizzes Today
1
Find the 'City' Movie
2
5x2 Blitz: Bands
3
Colored Red Africa Blitz
4
Find the US States - No Outlines Minefield
5
The Countries of the World
6
Find the US States
7
9x9 Crossword: Cartoon Network
8
US States
More Language Quizzes
Blitz! Ends in ...ETCH
Quiz Lab
Trending Quizzes
Colored Red Africa Blitz II
Colored Red Europe Blitz I
Colored Red Africa Blitz III
Colored Red Europe Blitz II
Colored Red Europe Blitz III
Recently Updated
Champions League XIs: Real Madrid
pecheneg
Largest US Cities 1790-2010
pecheneg
Rides in Walt Disney World
pecheneg
Most Oscar Losses (Acting)
pecheneg
Beyoncé Albums
pecheneg
Leaping Animals
pecheneg
Reality TV Shows (A-Z)
bhenderson79
Rickey Henderson's Hall of Fame Teammates
pecheneg
Champions League XIs: Arsenal
pecheneg
Quick Pick: Celebrities in WWE's Hall of Fame
aduchscher
Trending Topics
Crossword
NBA
Disney
Marvel
Anime
Harry Potter
Kpop
Pokémon
WWE
Song
The Office
NFL
Country
Puzzle
Soccer
Your Account Isn't Verified!
In order to create a playlist on Sporcle, you need to verify the email address you used during registration. Go to your
Sporcle Settings
to finish the process.
Report this User
Report this user for behavior that violates our
Community Guidelines
.
Details:
Send Report
Go to the Sporcle.com Mobile Site →
Comments